| 000 | 00385pab a2200133 454500 | ||
|---|---|---|---|
| 008 | 180718b1983 xxu||||| |||| 00| 0 eng d | ||
| 100 | _aChengkal, Witayakom | ||
| 245 | _aThe transformation of the agrarian structure of Central Thailand, 1960-1980 | ||
| 260 | _c1983 | ||
| 300 | _a340-60 | ||
| 650 | _aLand Tenure - Thailand | ||
| 773 | _aJournal of Contemporary Asia | ||
| 909 | _a12153 | ||
| 999 |
_c12153 _d12153 |
||